书目信息 |
| 题名: |
施工机械设备管理
|
|
| 作者: | ;水利电力部水利水电建设总局 编 | |
| 分册: | ||
| 出版信息: | 北京 水利电力出版社 1983 |
|
| 页数: | 447页 | |
| 开本: | 19cm | |
| 丛书名: | ||
| 单 册: | ||
| 中图分类: | TV53 | |
| 科图分类: | ||
| 主题词: | 工程施工—水利工程--设备--管理 , 水利工程—工程施工--设备--管理 , 水利工程--工程施工--设备 , 水利工程--施工机具 | |
| 电子资源: | ||
| ISBN: | ||
| 000 | 00796nam0 2200265 45 980 | |
| 001 | 0662696222 | |
| 005 | 20060731172521.53 | |
| 010 | @dCNY1.15 | |
| 091 | @a15143.5124 | |
| 100 | @a19980420 k 0 | |
| 101 | 0 | @achi |
| 102 | @aCN@b110000 | |
| 105 | @ay z 000yy | |
| 106 | @ar | |
| 200 | 10 | @a施工机械设备管理@Ashi gong ji xie she bei guan li@f水利电力部水利水电建设总局编 |
| 210 | @a北京@c水利电力出版社@d1983 | |
| 215 | @a447页@d19cm | |
| 606 | @a工程施工—水利工程@x设备@x管理 | |
| 606 | @a水利工程—工程施工@x设备@x管理 | |
| 606 | 0 | @a水利工程@x工程施工@x设备 |
| 606 | 0 | @a水利工程@x施工机具 |
| 690 | @aTV53@v3 | |
| 711 | 02 | @a水利电力部水利水电建设总局@4编@AShuili Dianlibu Shuili Shuidian Jianshe Zongju |
| 801 | 0 | @aCN@b上海图书馆 @c20060731 |
| 905 | @a10447@dTV53@e21 | |
| 施工机械设备管理/水利电力部水利水电建设总局编 .-北京:水利电力出版社,1983 |
| 447页;19cm |
| ISBN :CNY1.15 |
| ● |
| 相关链接 |
|
|
|
|
正题名:施工机械设备管理
索取号:TV53/21
 
预约/预借
| 序号 | 登录号 | 条形码 | 馆藏地/架位号 | 状态 | 备注 |
| 1 | 0439222 | 204392228 | 密集书库/ [索取号:TV53/21] | 在馆 |